| 000 | 00439pab a2200157 454500 | ||
|---|---|---|---|
| 008 | 180718b1986 xxu||||| |||| 00| 0 eng d | ||
| 100 | _aRichards, John | ||
| 245 | _aShort - time working and the unemployment benefit system in Great Britain | ||
| 260 | _c1986 | ||
| 300 | _a41-59 | ||
| 362 | _aFeb. | ||
| 650 | _aUnemployment - U.K. | ||
| 700 | _aAlan Carruth | ||
| 773 | _aOxford Bulletin of Economics and Statistics | ||
| 909 | _a20023 | ||
| 999 |
_c20023 _d20023 |
||